| 000 | 00653nam a22001337a 4500 | ||
|---|---|---|---|
| 040 | _cRUA | ||
| 082 | _aVEM HEA 2015 B509 Or. | ||
| 100 | _aHEANG CHENG; ហ៊ាង ឆេង | ||
| 245 | _aStudy on gastro-intestinal parasites in chicken at kampot province; សិក្សាវត្តមានបរាសិតនៅក្នុងក្រពះពោះវៀនមាន់ក្នុងស្រុកកំពង់ត្រាច ខេត្តកំពត | ||
| 260 |
_aRUA _bPhnom Penh _c2015 |
||
| 300 |
_ax; 37p. _bill. _c29cm. |
||
| 856 | _uhttps://drive.google.com/file/d/1eq2eEKUBWz6xpJy5IbqpGRaKZ8rYOfkR/view?usp=sharing | ||
| 942 | _cVEM | ||
| 999 |
_c9297 _d9297 |
||